000 02413nam a2200253Ia 4500
003 CO-CtgCURN
005 20250410185359.0
008 240905s2015 xx 000 0 und d
040 _aCO-CtgCURN
_bspa
_ccoctgcurn
082 _a184
_bD148
100 _aDal Maschio, Eduardo Acín
_eautor
245 0 _aPlatón :
_bla verdad está en otra parte /
_cEduardo Acín Dal Maschio
260 _aEspaña :
_bBonalletra Alcompas,
_c2015
300 _a140 páginas :
_btablas, imágenes ;
_c24 centímetros
500 _aIncluye índice
504 _aIncluye referencias bibliográficas al pie del texto
505 _a1. Vida, obra y contexto -- Vida de Aristóteles: La academia -- Sócrates, o el sabio que no sabia nada : los sofistas, el oráculo de Delfos -- Los ¿diálogos?: los números de Stephamus -- 2. Ser o no ser. La teoría de las formas -- El problema de lo uno y lo múltiple -- Los paradigmas de Zenón -- ¿Qué es la realidad? -- ¿Formas o ideas? -- El mito de la caverna -- 3. El gran Leviatán. La filosofía política -- La republica -- El estado. Origen y organización -- El mejor de los mundos posibles: adoctrinamiento, mentiras y eugenesia -- Utopía -- 4. En cuerpo y alma -- El alma y la inmortalidad -- Platón el saleroso. El dualismo platónico -- Últimos problemas.
520 _aComo se nos recuerda en el prefacio, hay quien ha llegado a definir la tradición filosófica europea como "una serie de acotaciones a Platón", mientras que otros reconocen (con amargura) que "la escritura de la historia de la filosofía es platónica". Tal es la importancia de platón que no es exagerado afirmar que no puede entenderse la historia del pensamiento (y por ende muchas de nuestras formas de concebir la realidad, la verdad o el alma) sin conocer las teorías del fundador de La Academia. El objetivo de este libro no es otro que el de acercar al pensamiento del gran filósofo ateniense a través de la exposición de sus principales doctrinas, poniendo especial empeño en iluminar las cuestiones fundamentales y más influyentes. Todo ello sin obviar las críticas y objeciones que han planteado a sus teorías desde Aristóteles hasta nuestros días.
521 _aAREA BASICA
590 _aTodos los programas académicos
650 _aFilosofía política
942 _cBK
_h184
_iD148
_2ddc
_n0
999 _c30850
_d30850